Online
Catalog

Nuevos conceptos sobre moral y cívica / (Record no. 693)

MARC details
000 -CABECERA
campo de control de longitud fija 01664nam a2200265 a 4500
001 - NÚMERO DE CONTROL
campo de control 000000697
005 - FECHA Y HORA DE LA ÚLTIMA TRANSACCIÓN
campo de control 20260312134858.0
008 - DATOS DE LONGITUD FIJA--INFORMACIÓN GENERAL
campo de control de longitud fija 090422s2006 dr 000 0 spa d
040 ## - FUENTE DE LA CATALOGACIÓN
Centro catalogador/agencia de origen DO-SdBNP
Lengua de catalogación spa
Centro/agencia transcriptor BNPHU
082 ## - NÚMERO DE LA CLASIFICACIÓN DECIMAL DEWEY
Número de clasificación 320.4
Número de documento/Ítem R741n
100 1# - ENTRADA PRINCIPAL--NOMBRE DE PERSONA
Nombre de persona Rojas, Roberto
9 (RLIN) 2369
245 10 - MENCIÓN DE TÍTULO
Título Nuevos conceptos sobre moral y cívica /
Mención de responsabilidad, etc. Roberto Rojas.
260 ## - PUBLICACIÓN, DISTRIBUCIÓN, ETC.
Lugar de publicación, distribución, etc. Santo Domingo :
Nombre del editor, distribuidor, etc. Facundo,
Fecha de publicación, distribución, etc. [2006].
300 ## - DESCRIPCIÓN FÍSICA
Extensión 230 p. ;
Dimensiones 20 cm.
505 0# - NOTA DE CONTENIDO CON FORMATO
Título Introducción --
-- Concepto de civismo --
-- Importancia de la educación cívica --
-- Valores que sustentan la educación cívica --
-- La moral y la ética --
-- Sobre los buenos modales --
-- La higiene y la educación cívica --
-- Civismo y educación vial --
-- Ama y respeta nuestros símbolos patrios --
-- Gesta y héroes nacionales --
-- La familia y la educación cívica --
-- El papel de la iglesia en la sociedad --
-- El Estado y la división de los poderes --
-- Del Distrito Nacional, las provincias y los municipios --
-- El civismo y las relaciones humanas --
-- Civismo y cultura --
-- Civismo y derechos humanos --
-- Civismo, medio ambiente y recursos naturales --
-- Importantes definiciones --
-- Días feriados y/o conmemorativos --
-- Pensamientos que fortalecen la sabiduría y deleitan el espíritu --
-- Bibliografía
590 ## - NOTA LOCAL (RLIN)
Nota local La biblioteca posee 3 ejemplares autografiados por el autor
590 ## - NOTA LOCAL (RLIN)
Nota local Inventariado,2018/DG
650 #0 - PUNTO DE ACCESO ADICIONAL DE MATERIA--TÉRMINO DE MATERIA
Término de materia o nombre geográfico como elemento de entrada Educación moral
9 (RLIN) 1607
650 #0 - PUNTO DE ACCESO ADICIONAL DE MATERIA--TÉRMINO DE MATERIA
Término de materia o nombre geográfico como elemento de entrada Educación cívica
9 (RLIN) 1206
650 #0 - PUNTO DE ACCESO ADICIONAL DE MATERIA--TÉRMINO DE MATERIA
Término de materia o nombre geográfico como elemento de entrada Ética social
9 (RLIN) 1353
650 #4 - PUNTO DE ACCESO ADICIONAL DE MATERIA--TÉRMINO DE MATERIA
Término de materia o nombre geográfico como elemento de entrada Himnos patrióticos
9 (RLIN) 2370
650 #0 - PUNTO DE ACCESO ADICIONAL DE MATERIA--TÉRMINO DE MATERIA
Término de materia o nombre geográfico como elemento de entrada Iglesia y problemas sociales
9 (RLIN) 2371
650 #4 - PUNTO DE ACCESO ADICIONAL DE MATERIA--TÉRMINO DE MATERIA
Término de materia o nombre geográfico como elemento de entrada Héroes
Subdivisión geográfica República Dominicana
9 (RLIN) 2372
910 ## - DATOS DE OPCIÓN DEL USUARIO (OCLC)
Datos de opción del usuario Validado. Control de calidad MFF
Holdings
Estado de retiro Estado de pérdida Restricciones de uso No para préstamo Código de colección Localización permanente Ubicación/localización actual Ubicación en estantería Fecha de adquisición Número de inventario Total de préstamos Signatura topográfica completa Código de barras Fecha visto por última vez Número de copia Precio válido a partir de Tipo de ítem Koha
    Préstamo en sala   Dominicana de Servicio Biblioteca Nacional Pedro Henríquez Ureña Biblioteca Nacional Pedro Henríquez Ureña Depósito 25.08.2009 LF1   320.4 R741n 697-30 25.06.2020 e.3 25.06.2020 Libros y folletos
      Préstamo restrigido Patrimonio Dominicano Biblioteca Nacional Pedro Henríquez Ureña Biblioteca Nacional Pedro Henríquez Ureña Depósito 25.08.2009 LF1   320.4 R741n 697-10 25.06.2020   25.06.2020 Libros y folletos
      Préstamo restrigido Patrimonio Dominicano Biblioteca Nacional Pedro Henríquez Ureña Biblioteca Nacional Pedro Henríquez Ureña Depósito 25.08.2009 LF1   320.4 R741n 697-20 25.06.2020 e.2 25.06.2020 Libros y folletos

Powered by Koha